[Event "chess.com SpeedChess Q2Sw"]
[Site "chess.com INT"]
[Date "2022.11.12"]
[Round "1"]
[White "Rohith, Krishna S"]
[Black "Ankerst, Mihael"]
[Result "0-1"]
[WhiteTitle "FM"]
[BlackTitle "FM"]
[WhiteElo "2380"]
[BlackElo "2370"]
[WhiteFideId "46617051"]
[BlackFideId "14602369"]
[EventDate "2022.11.12"]

1. Nf3 Nf6 2. g3 g6 3. Bg2 Bg7 4. O-O O-O 5. d4 d6 6. c4 Nbd7 7. Nc3 e5 8. e4 c6
9. Re1 exd4 10. Nxd4 Ng4 11. h3 Qb6 12. Qxg4 Qxd4 13. Qe2 Ne5 14. Rd1 Qxc4 15.
Rxd6 Qxe2 16. Nxe2 Nc4 17. Rd1 Nxb2 18. Bxb2 Bxb2 19. Rab1 Bg7 20. f4 Re8 21.
Nd4 Rd8 22. e5 f6 23. e6 f5 24. Nxc6 Rxd1+ 25. Rxd1 Bxe6 26. Nd8 Bxa2 27. Nxb7
a5 28. Kh2 a4 29. Nc5 Ra7 30. Bc6 a3 31. Ba4 Bc4 32. Rd8+ Kf7 33. Rc8 a2 34. Bb3
Bxb3 35. Nxb3 a1=Q 36. Nxa1 Ra2+ 37. Nc2 Bf6 38. h4 Ke7 39. Kh3 Kd7 40. Rc4 Bd8
41. Ne3 Bb6 42. Ng2 h5 43. Rb4 Kc6 44. Rb1 Rd2 45. Re1 Kd7 46. Rf1 Re2 47. Ne1
Bd4 48. Nf3 Bf6 49. Rd1+ Ke6 50. Rb1 Kf7 51. Rb7+ Kf8 52. Rb6 Kf7 53. Rb7+ Kf8
54. Rc7 Kg8 55. Rd7 Kf8 56. Nd2 Ke8 57. Rd3 Be7 58. Nc4 Bf6 59. Ne3 Be7 60. Nc4
Bf6 61. Rd6 Ke7 62. Rd1 Ke6 63. Rd6+ Ke7 64. Rd3 Ke6 65. Ne3 Be7 66. Ng2 Bc5 67.
Rd1 Bf2 68. Rf1 Kd5 69. Ra1 Re6 70. Ra5+ Ke4 71. Ra4+ Kf3 72. Ra3+ Ke2 73. Ra2+
Kf3 74. Ra3+ Ke2 75. Kh2 Rd6 76. Ra2+ Rd2 77. Ra3 Kf1 78. Ra1+ Ke2 79. Ra2 Rxa2 0-1

[Event "chess.com SpeedChess Q2Sw"]
[Site "chess.com INT"]
[Date "2022.11.12"]
[Round "1"]
[White "Dudzinski, Pawel"]
[Black "Yuan, Qingyu"]
[Result "0-1"]
[WhiteTitle "FM"]
[WhiteElo "2186"]
[BlackElo "2373"]
[WhiteFideId "1117890"]
[BlackFideId "8609772"]
[EventDate "2022.11.12"]

1. e4 c6 2. d4 d5 3. exd5 cxd5 4. Bd3 Nc6 5. c3 Nf6 6. h3 e5 7. dxe5 Nxe5 8. Nf3
Nxd3+ 9. Qxd3 Bd6 10. O-O O-O 11. Bg5 h6 12. Bh4 Re8 13. Nbd2 Bd7 14. Rfe1 Be7
15. Bxf6 Bxf6 16. Qxd5 Bc6 17. Qxd8 Raxd8 18. Rxe8+ Rxe8 19. Re1 Rxe1+ 20. Nxe1
Bd5 21. c4 Be6 22. b3 Bc3 23. Nef3 f5 24. Kf1 Kf7 25. Ke2 Ke7 26. Kd3 Bf6 27.
Nd4 Bd7 28. f4 a6 29. N2f3 g5 30. g3 Kd6 31. h4 gxf4 32. gxf4 Kc5 33. a3 a5 34.
Ne5 Bc8 35. h5 Bg7 36. Kc3 Kd6 37. Nef3 Bd7 38. Kd3 Bf6 39. b4 axb4 40. axb4 Bc8
41. Nb5+ Ke7 42. Nc3 Kd6 43. Nd5 Bg7 44. Nd4 Bd7 45. b5 b6 46. Ne3 Kc5 47. Nexf5
Bf6 48. Ke4 Kxc4 49. Nf3 Bxb5 50. Nxh6 Bc6+ 51. Ke3 b5 52. Ne5+ Kd5 53. Nxc6
Kxc6 54. Ng4 Bh8 55. Kd3 Kd5 56. f5 b4 57. h6 Kd6 58. h7 Kd5 0-1

[Event "chess.com SpeedChess Q2Sw"]
[Site "chess.com INT"]
[Date "2022.11.12"]
[Round "1"]
[White "Salem, A.R. Saleh"]
[Black "Volkov, Maksim"]
[Result "1-0"]
[WhiteTitle "GM"]
[BlackTitle "FM"]
[WhiteElo "2677"]
[BlackElo "2357"]
[WhiteFideId "9301348"]
[BlackFideId "54123070"]
[EventDate "2022.11.12"]

1. d4 d5 2. c4 e6 3. Nc3 c6 4. Nf3 dxc4 5. e4 b5 6. Be2 Bb7 7. O-O Nf6 8. e5 Nd5
9. a4 a6 10. Ne4 h6 11. Bd2 Nd7 12. b3 cxb3 13. Qxb3 Be7 14. Ne1 Qb6 15. Nc2 O-O
16. Qg3 Kh8 17. Qh3 f5 18. Bxh6 Kg8 19. Qg3 Rf7 20. Bh5 fxe4 21. Bxf7+ Kxf7 22.
Qxg7+ Ke8 23. a5 Qc7 24. Qg6+ Kd8 25. Qxe6 Nf8 26. Qf5 Qd7 27. Qxe4 Ne6 28. f4
c5 29. f5 Nxd4 30. Nxd4 cxd4 31. Qxd4 Rc8 32. Rac1 Rxc1 33. Rxc1 Qxf5 34. h3 Qe6
35. Be3 Ke8 36. Bf2 Qg6 37. Qa7 Nf4 38. Qxb7 Ne2+ 39. Kh2 Nxc1 40. Qc8+ Kf7 41.
Qxc1 Qf5 42. Bg3 b4 43. Qc4+ Qe6 44. Qd4 b3 45. Be1 Ba3 46. Bc3 Ke8 47. h4 Qc6
48. h5 Be7 49. Bb2 Kf7 50. Qd3 Qe6 51. Qh7+ Kf8 52. Qe4 Ke8 53. g4 Bg5 54. Kh3
Qc8 55. Qg6+ Kf8 56. Qxg5 Qc2 57. Qf5+ 1-0

[Event "chess.com SpeedChess Q2Sw"]
[Site "chess.com INT"]
[Date "2022.11.12"]
[Round "1"]
[White "Wadsworth, Matthew J"]
[Black "Sarana, Alexey"]
[Result "0-1"]
[WhiteTitle "IM"]
[BlackTitle "GM"]
[WhiteElo "2470"]
[BlackElo "2668"]
[WhiteFideId "415804"]
[BlackFideId "24133795"]
[EventDate "2022.11.12"]

1. c4 e5 2. g3 Nf6 3. Bg2 Nc6 4. Nc3 Bb4 5. Nd5 Bc5 6. Nf3 d6 7. d3 Nxd5 8. cxd5
Ne7 9. e4 c6 10. O-O cxd5 11. exd5 Bg4 12. Qa4+ Qd7 13. Qxd7+ Kxd7 14. h3 Bf5
15. Rd1 Rac8 16. d4 Bc2 17. Rd2 Bb4 18. Re2 Bd1 19. Re3 Nf5 20. dxe5 Nxe3 21.
Bxe3 Bxf3 22. Bxf3 Rc2 23. Bg4+ Ke7 24. a3 Bd2 25. Bd4 f6 26. exf6+ gxf6 27. Bf5
Rc1+ 28. Rxc1 Bxc1 29. Kf1 a6 30. Ke2 h5 31. h4 Bh6 32. Kd3 Kf7 33. a4 Re8 34.
Be6+ Kg6 35. b4 Re7 36. Bb6 f5 37. f4 Bg7 38. Bd8 Re8 39. Bc7 Bf8 40. Kd4 Be7
41. Kc4 Kf6 42. b5 Rh8 43. Bb6 Kg6 44. Bd4 Ra8 45. b6 Bf6 46. Be3 Re8 47. a5 Bb2
48. Bd2 Ba3 49. Bc3 Bc5 50. Kd3 Bf2 51. Ke2 Bxg3 52. Kf3 Bxh4 53. Bd7 Rd8 54.
Bc6 Rb8 55. Bb4 Be7 56. Ba3 h4 57. Kg2 Kh5 58. Kh3 Rg8 59. Bxb7 Rg3+ 60. Kh2
Rxa3 61. Bxa6 Bd8 62. b7 Bc7 63. Be2+ Kh6 64. a6 Bb8 65. Kg2 h3+ 66. Kh2 Ra2 67.
Kxh3 Rxe2 0-1

[Event "chess.com SpeedChess Q2Sw"]
[Site "chess.com INT"]
[Date "2022.11.12"]
[Round "1"]
[White "Odegov, Artem"]
[Black "Kovalenko, Igor"]
[Result "1-0"]
[WhiteTitle "FM"]
[BlackTitle "GM"]
[WhiteElo "2286"]
[BlackElo "2674"]
[WhiteFideId "34183644"]
[BlackFideId "14117908"]
[EventDate "2022.11.12"]

1. d4 Nf6 2. c4 e6 3. Nf3 b6 4. g3 Ba6 5. b3 d5 6. Bg2 c6 7. O-O Nbd7 8. Nbd2
Rc8 9. Bb2 Be7 10. Rc1 O-O 11. Re1 dxc4 12. Nxc4 c5 13. dxc5 Nxc5 14. Nfe5 Nd5
15. Qd4 Bf6 16. Rcd1 Nd7 17. Bxd5 Nxe5 18. Nxe5 Qxd5 19. Qxd5 exd5 20. Rd2 Rfd8
21. Red1 h6 22. e3 Be7 23. a3 Bb7 24. Nf3 f6 25. Nd4 Kf7 26. Nf5 Bf8 27. e4 g6
28. Ne3 d4 29. Rxd4 Rxd4 30. Rxd4 Ke6 31. b4 a5 32. f4 f5 33. exf5+ gxf5 34. Rd2
axb4 35. axb4 Bxb4 36. Re2 Bf3 37. Rc2 Rxc2 38. Nxc2 Be7 39. Nd4+ Kd5 40. Nxf3
b5 41. Kf2 Ke4 42. Ke2 b4 43. Nd2+ Kd5 44. Kd3 Bc5 45. Nc4 Bg1 46. Ne3+ Ke6 47.
h3 Bf2 48. g4 fxg4 49. hxg4 Kf7 50. Ke4 Be1 51. Nf5 Kg6 52. Nd6 Bd2 53. Nc4 Be1
54. Ne5+ Kh7 55. Nf3 Bf2 56. g5 hxg5 57. fxg5 Kg6 58. Kf4 Kh7 59. Kf5 Bc5 60.
g6+ Kh6 61. Ne5 Bf8 62. Nd7 Bg7 63. Bc1+ Kh5 64. Nf6+ Kh4 65. Ne8 Bc3 66. Nc7 b3
67. Ne8 Bh8 68. Nf6 Kg3 69. Bb2 Kf3 70. Ke6 Ke2 71. Kf7 Kd2 72. Kg8 Kc2 73. Be5
b2 74. Bxb2 Kxb2 75. Kxh8 1-0

[Event "chess.com SpeedChess Q2Sw"]
[Site "chess.com INT"]
[Date "2022.11.12"]
[Round "1"]
[White "Jeet, Jain"]
[Black "Indjic, Aleksandar"]
[Result "0-1"]
[WhiteTitle "FM"]
[BlackTitle "GM"]
[WhiteElo "2139"]
[BlackElo "2631"]
[WhiteFideId "5073022"]
[BlackFideId "911925"]
[EventDate "2022.11.12"]

1. d4 Nf6 2. Bf4 d6 3. Nf3 Nbd7 4. e3 Nh5 5. Bg5 h6 6. Bh4 g5 7. Bg3 Bg7 8. c3
e6 9. Be2 Qe7 10. Nfd2 Nxg3 11. hxg3 f5 12. Na3 Nf6 13. Qb3 a6 14. Bf3 d5 15. c4
c6 16. Qa4 g4 17. Be2 h5 18. O-O-O Bd7 19. Qb3 b5 20. cxb5 axb5 21. Kb1 Kf7 22.
f3 Bh6 23. Rhe1 Rxa3 24. bxa3 Ra8 25. Kb2 Bf8 26. Nb1 Ra4 27. Bd3 e5 28. Qc3 e4
29. fxe4 dxe4 30. Bc2 Nd5 31. Bb3 Qe6 32. Qd2 Kg6 33. Bxa4 bxa4 34. Nc3 Nb6 35.
Ka1 Qd6 36. Nb1 Nd5 37. Qf2 c5 38. Qb2 Bg7 39. Nc3 cxd4 40. Nxd5 Qxd5 41. Rxd4
Bxd4 42. exd4 Qd6 43. Re3 Be6 44. Qb4 Qa6 45. Qd2 Qf1+ 46. Re1 Qa6 47. d5 Bd7
48. d6 Qb5 49. Qd4 Kf7 50. Rc1 Ke6 51. Rd1 Qe5 52. Kb2 Qxg3 53. Qg7 Qe5+ 54.
Qxe5+ Kxe5 55. g3 f4 56. gxf4+ Kxf4 57. Kc3 g3 58. Kd2 g2 59. Rc1 e3+ 60. Ke2
Bg4+ 61. Kd3 h4 62. Rc4+ Kg3 0-1

[Event "chess.com SpeedChess Q2Sw"]
[Site "chess.com INT"]
[Date "2022.11.12"]
[Round "1"]
[White "Alekseenko, Kirill"]
[Black "Parkhov, Yair"]
[Result "1-0"]
[WhiteTitle "GM"]
[BlackTitle "IM"]
[WhiteElo "2687"]
[BlackElo "2470"]
[WhiteFideId "4135539"]
[BlackFideId "2813408"]
[EventDate "2022.11.12"]

1. e4 g6 2. d4 Bg7 3. Nf3 d6 4. Nc3 Nf6 5. Be3 c6 6. Qd2 b5 7. Bd3 O-O 8. Bh6
Bg4 9. a4 b4 10. Ne2 a5 11. Bxg7 Kxg7 12. h3 Bxf3 13. gxf3 e5 14. dxe5 dxe5 15.
O-O-O Nbd7 16. f4 Qe7 17. f5 Nc5 18. Ng3 Nxa4 19. Qg5 Kh8 20. Bc4 Nb6 21. Be2 a4
22. Kb1 b3 23. Rd3 a3 24. Rxb3 axb2 25. Kxb2 Na4+ 26. Kc1 Nc5 27. Rb1 Rfb8 28.
Rxb8+ Rxb8 29. Qe3 Qa7 30. Rd1 Qa1+ 31. Kd2 Qa5+ 32. c3 Rd8+ 33. Ke1 Rxd1+ 34.
Bxd1 Kg7 35. fxg6 fxg6 36. h4 Qb5 37. h5 Nd3+ 38. Kf1 Nf4+ 39. Kg1 Qb1 40. Qd2
Nxe4 41. Qd7+ Kh6 42. hxg6 Nxg3 43. g7 Nge2+ 44. Kf1 Qg6 45. Bxe2 Qg2+ 46. Ke1
Qg1+ 47. Kd2 Qxg7 48. Qxc6+ Kg5 49. c4 Qe7 50. c5 h5 51. Qb6 Qd7+ 52. Ke1 h4 53.
c6 Qd6 54. Qb5 h3 55. Bf3 h2 56. Qc4 Nd3+ 57. Ke2 Nf4+ 58. Ke1 Qa3 59. Qg8+ Kf6
60. Qh8+ Ke6 61. Qh6+ Ke7 62. Qg7+ Ke6 63. Bg4+ Kd5 64. Qd7+ Ke4 65. Bf5+ Kf3
66. Qd1+ Kg2 67. Qg4+ Kh1 68. Be4+ Ng2+ 69. Qxg2# 1-0

[Event "chess.com SpeedChess Q2Sw"]
[Site "chess.com INT"]
[Date "2022.11.12"]
[Round "1"]
[White "Mitrabha, Guha"]
[Black "Crevatin, Leo"]
[Result "1-0"]
[WhiteTitle "GM"]
[BlackTitle "FM"]
[WhiteElo "2474"]
[BlackElo "2301"]
[WhiteFideId "5057000"]
[BlackFideId "1726307"]
[EventDate "2022.11.12"]

1. Nf3 Nf6 2. c4 c5 3. g3 d5 4. Bg2 d4 5. O-O Nc6 6. e3 dxe3 7. dxe3 Qxd1 8.
Rxd1 Bf5 9. Nc3 e6 10. Nh4 Bg4 11. Bxc6+ bxc6 12. f3 Bh5 13. e4 Be7 14. Be3 Rd8
15. Kf2 Nd7 16. b3 f6 17. Ng2 g5 18. Na4 Kf7 19. Rd2 Nb6 20. Nc3 Bg6 21. Rad1
Rxd2+ 22. Rxd2 h6 23. Ne1 h5 24. Nd3 h4 25. g4 Rd8 26. Ke2 Ke8 27. h3 f5 28.
Nxc5 Rxd2+ 29. Kxd2 fxg4 30. fxg4 Bxc5 31. Bxc5 Nc8 32. Be3 Nd6 33. Kd3 Nf7 34.
Bxa7 Ne5+ 35. Ke2 Kd7 36. Be3 Nf7 37. a4 Kc7 38. a5 Kb7 39. b4 Ka6 40. Bb6 Ne5
41. b5+ Kb7 42. Bd4 Nxc4 43. a6+ Kc7 44. a7 Kb7 45. bxc6+ Ka8 46. Bf6 Kxa7 47.
Bxg5 Kb6 48. Bxh4 Kxc6 49. Bg3 Kc5 50. Kd3 Nb2+ 51. Kc2 Nc4 52. Bf2+ Kd6 53. Bd4
e5 54. Bf2 Ke6 55. Kd3 Nd6 56. Bc5 Nxe4 57. Nxe4 Kd5 58. Ke3 Bxe4 59. Ba3 Bb1
60. h4 Ke6 61. h5 Kf6 62. Kf3 Kg5 63. Kg3 Kh6 64. Bc5 Kh7 65. Kh4 Bc2 66. Kg5
Bd3 67. Kf6 e4 68. Be3 Be2 69. Kg5 Bd1 70. Kh4 Be2 71. g5 Bc4 72. g6+ Kg8 73.
Kg5 Bb5 74. h6 Be8 75. h7+ 1-0

[Event "chess.com SpeedChess Q2Sw"]
[Site "chess.com INT"]
[Date "2022.11.12"]
[Round "1"]
[White "Harikrishna, Pentala"]
[Black "Goltseva, Ekaterina"]
[Result "1-0"]
[WhiteTitle "GM"]
[BlackTitle "FM"]
[WhiteElo "2715"]
[BlackElo "2265"]
[WhiteFideId "5007003"]
[BlackFideId "24173770"]
[EventDate "2022.11.12"]

1. Nf3 Nf6 2. g3 e6 3. Bg2 d5 4. O-O Be7 5. c4 O-O 6. b3 d4 7. e3 c5 8. exd4
cxd4 9. Ne5 Qc7 10. Re1 Nfd7 11. Nxd7 Bxd7 12. d3 Bc6 13. Bf4 Bd6 14. Bxd6 Qxd6
15. Nd2 e5 16. Ne4 Qa3 17. Qc1 Qxc1 18. Raxc1 Nd7 19. b4 a6 20. Nd6 Rfb8 21. Bh3
Rd8 22. c5 f6 23. f4 a5 24. b5 Bd5 25. Nxb7 Bxb7 26. c6 Bc8 27. cxd7 Bxd7 28.
Bxd7 Rxd7 29. fxe5 fxe5 30. Rxe5 a4 31. b6 Rb7 32. Rb5 Rab8 33. Rc6 Kf7 34. a3
Ke7 35. Kg2 Kd7 36. Rc4 Rxb6 37. Rxb6 Rxb6 38. Rxd4+ Ke6 39. Rxa4 Rb3 40. d4
Rb2+ 41. Kh3 Kf5 42. Ra5+ Kg6 43. a4 Rd2 44. Rd5 Ra2 45. a5 Ra4 46. Kg4 h6 47.
h4 Kf6 48. Kf4 Ke6 49. Ke4 Kf6 50. g4 Ke6 51. g5 hxg5 52. Rxg5 Kf6 53. Rb5 Ke6
54. h5 Kf6 55. Kd3 Ke6 56. Kc3 Ra2 57. Kb4 Ra1 58. Kc5 Rc1+ 59. Kb6 Rc4 60. a6
Rxd4 61. a7 Rd8 62. Kb7 Rd7+ 63. Ka6 Rd8 64. Rb8 Rd6+ 65. Kb5 Rd5+ 66. Kc4 Ra5
67. a8=Q Rxa8 68. Rxa8 Kf5 69. Ra5+ Kg4 70. Kd4 1-0

[Event "chess.com SpeedChess Q2Sw"]
[Site "chess.com INT"]
[Date "2022.11.12"]
[Round "1"]
[White "Nasuta, Grzegorz"]
[Black "Fedoseev, Vladimir3"]
[Result "1/2-1/2"]
[WhiteTitle "GM"]
[BlackTitle "GM"]
[WhiteElo "2539"]
[BlackElo "2688"]
[WhiteFideId "1141686"]
[BlackFideId "24130737"]
[EventDate "2022.11.12"]

1. e4 c5 2. Nf3 Nc6 3. Bb5 g6 4. Bxc6 dxc6 5. d3 Qc7 6. h3 e5 7. a4 f6 8. a5 Be6
9. Be3 Rd8 10. O-O b6 11. axb6 axb6 12. Qe1 Nh6 13. Nc3 Nf7 14. Nd2 b5 15. f4
exf4 16. Bxf4 Ne5 17. Be3 Be7 18. Qf2 Nd7 19. Ne2 O-O 20. Ra6 Ra8 21. Rfa1 Rxa6
22. Rxa6 Bd6 23. Bf4 Ne5 24. Kh1 Bc8 25. Ra1 f5 26. Qg3 Re8 27. Rf1 Nf7 28. Bxd6
Qxd6 29. Qf2 Qe5 30. b3 Nd6 31. Nf3 Qe7 32. Qxc5 fxe4 33. dxe4 Nxe4 34. Qxc6 Qd7
35. Qxd7 Bxd7 36. Kg1 Nc5 37. Ned4 b4 38. Ra1 Rc8 39. Ra7 Be8 40. Kf2 Ne4+ 41.
Ke3 Nc3 42. Kf4 Rc5 43. Ra8 Nd5+ 44. Kg3 Nf6 45. Rb8 Kg7 46. Rxb4 g5 47. Kf2 h5
48. Rb7+ Kg6 49. Rb6 g4 50. hxg4 hxg4 51. Nh4+ Kg5 52. Ne6+ Kxh4 53. Nxc5 g3+
54. Ke3 Nd5+ 55. Kd4 Nxb6 56. Ne4 Bc6 57. Nxg3 Bxg2 58. Nf5+ Kg5 59. Ne3 Bf3 60.
c4 Kf6 61. Nd5+ Nxd5 62. cxd5 Ke7 63. Kc5 Kd7 64. b4 Be2 65. b5 Bxb5 66. Kxb5
Kd6 67. Kc4 Kd7 68. Kd4 Kd6 69. Ke4 Kd7 70. Ke5 Ke7 71. d6+ Kd7 72. Kd5 Kd8 73.
Ke6 Ke8 74. d7+ Kd8 75. Kd6 1/2-1/2

[Event "chess.com SpeedChess Q2Sw"]
[Site "chess.com INT"]
[Date "2022.11.12"]
[Round "1"]
[White "Kovalev, Vladislav"]
[Black "Ezat, Mohamed"]
[Result "1-0"]
[WhiteTitle "GM"]
[BlackTitle "IM"]
[WhiteElo "2623"]
[BlackElo "2404"]
[WhiteFideId "13504398"]
[BlackFideId "10600906"]
[EventDate "2022.11.12"]

1. e4 e5 2. Nf3 Nc6 3. d4 exd4 4. Bc4 Nf6 5. e5 d5 6. Bb5 Ne4 7. Nxd4 Bc5 8. O-O
O-O 9. Bxc6 bxc6 10. Be3 Qe8 11. f3 Nd6 12. Bf2 Qxe5 13. Re1 Qf6 14. Nc3 Bd7 15.
Qd3 Bb6 16. b3 h6 17. Re2 Nf5 18. Rd1 Rfe8 19. Rxe8+ Rxe8 20. Nce2 c5 21. Nxf5
Bxf5 22. Qd2 d4 23. Nf4 c6 24. Nd3 Qg6 25. Re1 f6 26. Re2 Kh7 27. Bg3 c4 28.
bxc4 Re3 29. c5 Bxd3 30. Rxe3 dxe3 31. Qxd3 Bxc5 32. Kf1 Qxd3+ 33. cxd3 f5 34.
Ke2 g5 35. Be5 f4 36. g3 fxg3 37. hxg3 Kg6 38. d4 Be7 39. g4 h5 40. gxh5+ Kxh5
41. Kxe3 g4 42. fxg4+ Kxg4 43. Ke4 Kg5 44. Bb8 a6 45. Be5 Kg6 46. Bg3 Kf7 47.
Kf5 Bb4 48. Bh4 Bd6 49. Bf6 Bb4 50. a4 Bd6 51. Be5 Bb4 52. Bf4 Be7 53. Ke5 Bb4
54. Bg5 Ba3 55. Bh4 Bb4 56. Bd8 Ba3 57. Bb6 Be7 58. Bc5 Bf6+ 59. Kd6 Ke8 60.
Kxc6 Kd8 61. d5 Bc3 62. Kb6 a5 63. Kc6 Kc8 64. Bb6 Be5 65. Bxa5 Bd4 66. Bb6 1-0

[Event "chess.com SpeedChess Q2Sw"]
[Site "chess.com INT"]
[Date "2022.11.12"]
[Round "1"]
[White "Hardaway, Brewington"]
[Black "Onslow, Alfie"]
[Result "1/2-1/2"]
[WhiteTitle "CM"]
[WhiteElo "2259"]
[BlackElo "2115"]
[WhiteFideId "30941849"]
[BlackFideId "436976"]
[EventDate "2022.11.12"]

1. Nf3 Nf6 2. d4 c5 3. d5 b5 4. a4 b4 5. c4 d6 6. b3 g6 7. Bb2 Bg7 8. Nbd2 O-O
9. e3 Nbd7 10. Bd3 e5 11. O-O Ne8 12. Ne1 f5 13. f4 e4 14. Bxg7 Kxg7 15. Be2 h6
16. g3 Qf6 17. Ng2 g5 18. Qc2 Qg6 19. Rf2 Ndf6 20. Raf1 a5 21. h4 Ra7 22. fxg5
hxg5 23. hxg5 Qxg5 24. Nf4 Ng4 25. Bxg4 Qxg4 26. Re1 Kg8 27. Nf1 Rh7 28. Nh2 Qg5
29. Rg2 Nf6 30. Qd1 Kf7 31. Qe2 Rfh8 32. Rd1 Rxh2 33. Rxh2 Qxg3+ 34. Rg2 Qh4 35.
Qe1 Qh6 36. Kf1 Qh1+ 37. Ke2 Qh6 38. Kd2 Ng4 39. Qg3 Qf6 40. Ne6 Qb2+ 41. Ke1
Rh1+ 42. Rg1 Qc3+ 43. Ke2 Qc2+ 44. Rd2 Rxg1 45. Qxg1 Qxb3 46. Qg3 Qxc4+ 47. Ke1
Qc1+ 48. Rd1 Qxe3+ 49. Qxe3 Nxe3 50. Nd8+ Ke8 51. Rd2 Kxd8 52. Rh2 f4 53. Rh4
Kc7 54. Rxf4 Nxd5 55. Rxe4 Kc6 56. Re8 Bf5 57. Kd2 c4 58. Rf8 Be4 59. Rc8+ Kb6
60. Rb8+ Kc5 61. Rb5+ Kd4 62. Rxa5 c3+ 63. Kc1 b3 64. Rb5 Bd3 65. Rxb3 Kc4 66.
Rb8 Nb4 67. Rc8+ Kb3 68. a5 Na2+ 69. Kd1 c2+ 70. Kd2 c1=Q+ 71. Rxc1 Nxc1 72.
Kxc1 Kb4 73. Kd2 Ba6 74. Ke3 Kxa5 75. Kd4 Kb6 76. Kd5 Kc7 77. Kd4 Kc6 78. Kc3 d5
79. Kc2 Kc5 80. Kd2 Kc4 81. Ke3 d4+ 82. Kd2 d3 83. Kd1 Kc3 84. Kc1 d2+ 85. Kd1
Bb5 1/2-1/2

[Event "chess.com SpeedChess Q2Sw"]
[Site "chess.com INT"]
[Date "2022.11.12"]
[Round "1"]
[White "Taboas Rodriguez, Daniel"]
[Black "Steinberg, Nitzan"]
[Result "0-1"]
[WhiteTitle "FM"]
[BlackTitle "GM"]
[WhiteElo "2359"]
[BlackElo "2537"]
[WhiteFideId "2208466"]
[BlackFideId "2801795"]
[EventDate "2022.11.12"]

1. d4 Nf6 2. Nf3 g6 3. c4 Bg7 4. Nc3 O-O 5. e4 d6 6. Be2 Nbd7 7. O-O e5 8. Be3
exd4 9. Nxd4 Re8 10. f3 c6 11. Bf2 Nh5 12. Qd2 Ne5 13. Rad1 Qc7 14. h3 Nf6 15.
f4 Ned7 16. Bf3 Nc5 17. Rfe1 a5 18. Ndb5 cxb5 19. Nxb5 Qe7 20. Nxd6 Ne6 21. e5
Nd7 22. Nxe8 Qxe8 23. b3 Bf8 24. Qd5 a4 25. Kh1 a3 26. g3 Rb8 27. Ba7 Ra8 28.
Bf2 Bb4 29. Re2 Ra5 30. Qd3 Ndc5 31. Qc2 b6 32. Kg2 Bb7 33. Bxb7 Nxb7 34. Bxb6
Qc6+ 35. Qe4 Qxb6 36. f5 gxf5 37. Qxf5 Qc6+ 38. Kh2 Bf8 39. Rf2 Qc7 40. Rd5 Ra8
41. Rfd2 Rd8 42. h4 Bg7 43. Rxd8+ Nbxd8 44. Rd5 Nc6 45. c5 Nb4 46. Rd6 Nxa2 47.
c6 Qe7 48. Rd7 Qe8 49. Qe4 Nc3 50. Qc4 Bxe5 51. Ra7 a2 52. Qg4+ Bg7 53. Qf3 h5
54. Qxh5 Na4 55. Rxa4 a1=Q 56. Rxa1 Bxa1 57. Qg4+ Bg7 58. Qc4 Qd8 59. b4 Qd2+
60. Kh3 Qc3 61. Qxc3 Bxc3 62. b5 Ba5 63. Kg4 Kg7 64. Kf5 Nd4+ 65. Ke5 Nxb5 66.
Kd5 Bc7 67. g4 Nc3+ 68. Kc5 Ne4+ 69. Kd5 Nf6+ 0-1

[Event "chess.com SpeedChess Q2Sw"]
[Site "chess.com INT"]
[Date "2022.11.12"]
[Round "1"]
[White "Bochnicka, Vladimir ml."]
[Black "Stribuk, Artiom"]
[Result "0-1"]
[WhiteTitle "FM"]
[BlackTitle "FM"]
[WhiteElo "2350"]
[BlackElo "2312"]
[WhiteFideId "14943450"]
[BlackFideId "13515659"]
[EventDate "2022.11.12"]

1. e4 c5 2. Nf3 Nc6 3. d4 cxd4 4. Nxd4 Nf6 5. Nc3 e5 6. Ndb5 d6 7. Bg5 a6 8. Na3
b5 9. Nd5 Be7 10. Bxf6 Bxf6 11. c3 Bg5 12. Nc2 Rb8 13. Nce3 O-O 14. Be2 g6 15.
O-O Be6 16. a4 bxa4 17. Qxa4 Ne7 18. Bc4 Rxb2 19. Qxa6 Bxe3 20. Nxe3 Rb6 21. Qa2
Bxc4 22. Qxc4 Rc6 23. Qd3 Qc7 24. c4 Rb8 25. Rfd1 Rb2 26. h3 Qb6 27. Rab1 Kg7
28. Rxb2 Qxb2 29. Rb1 Qd4 30. Qxd4 exd4 31. Nd5 Nxd5 32. cxd5 Rc4 33. Rd1 Kf6
34. f4 d3 35. e5+ dxe5 36. fxe5+ Kxe5 37. Rxd3 Kd6 38. Kf2 Rc5 39. Rf3 f5 40.
Kg3 Rxd5 41. Kf4 h6 42. Ra3 Ke6 43. Ra6+ Rd6 44. Ra2 Kf6 45. Kg3 Rd3+ 46. Kf2
Rd4 47. Ke3 Re4+ 48. Kf3 h5 49. Ra6+ Kg5 50. g3 h4 51. gxh4+ Rxh4 52. Kg3 Rb4
53. Ra3 Re4 54. Kf3 Rd4 55. Kg3 Kh5 56. Rb3 g5 57. Ra3 f4+ 58. Kg2 Kh4 59. Ra2
Rd3 60. Kh2 Rxh3+ 61. Kg2 Rg3+ 62. Kf2 Kg4 63. Ra8 Rb3 64. Kg2 Rb2+ 65. Kf1 f3
66. Ra4+ Kg3 67. Ke1 g4 68. Ra1 Rh2 69. Ra3 Rh1+ 70. Kd2 Kg2 71. Ke3 f2 72. Ra2
g3 73. Kf4 Rh4+ 74. Ke3 Rh8 75. Kf4 Rf8+ 76. Ke3 Kg1 77. Ra1+ f1=Q 78. Rxf1+
Rxf1 0-1

[Event "chess.com SpeedChess Q2Sw"]
[Site "chess.com INT"]
[Date "2022.11.12"]
[Round "1"]
[White "Eljanov, Pavel"]
[Black "Salman, Pavel"]
[Result "1-0"]
[WhiteTitle "GM"]
[BlackTitle "FM"]
[WhiteElo "2706"]
[BlackElo "2287"]
[WhiteFideId "14102951"]
[BlackFideId "24153753"]
[EventDate "2022.11.12"]

1. e4 c5 2. Nf3 e6 3. c4 a6 4. d4 cxd4 5. Nxd4 Nf6 6. Nc3 Qc7 7. a3 b6 8. Be2
Bb7 9. f3 Be7 10. Be3 d6 11. O-O O-O 12. Rc1 Nbd7 13. Qd2 Rac8 14. Rfd1 Qb8 15.
b4 Rfe8 16. Bf1 Bd8 17. Nb3 Bc7 18. Bf4 Ne5 19. Bxe5 dxe5 20. c5 Ba8 21. Bxa6
Rcd8 22. Qf2 Nd7 23. Bb5 Re7 24. c6 Nf8 25. Ba4 h5 26. Rxd8 Qxd8 27. Nb5 Ng6 28.
g3 Qd3 29. Rc3 Qd1+ 30. Qf1 Qd8 31. Rd3 Qc8 32. Nxc7 Rxc7 33. b5 Kh7 34. Nd2 h4
35. Nc4 Qb8 36. Bc2 Ra7 37. a4 hxg3 38. hxg3 Qf8 39. Qf2 Qb4 40. Nxb6 Ne7 41.
Nd7 Rxa4 42. Bxa4 Qxa4 43. Qh2+ Kg8 44. Qb2 f6 45. Nb6 Qa7 46. Qf2 Qa1+ 47. Kg2
Bxc6 48. bxc6 Nxc6 49. Nd7 Nd4 50. Nc5 Qb1 51. Rxd4 exd4 52. Qxd4 Qc2+ 53. Qf2
Qc4 54. e5 fxe5 55. Ne4 Qd5 56. Qd2 Qb5 57. g4 Qa6 58. Kg3 Qc8 59. Ng5 Qc7 60.
Ne4 Qc8 61. Qc3 Qb8 62. Kg2 Kh7 63. Ng5+ Kg8 64. Qc4 Qb2+ 65. Kg3 Qd2 66. Qxe6+
Kh8 67. Qe8# 1-0

[Event "chess.com SpeedChess Q2Sw"]
[Site "chess.com INT"]
[Date "2022.11.12"]
[Round "1"]
[White "Baches Garcia, Guillermo"]
[Black "Gorodetzky, David"]
[Result "0-1"]
[WhiteTitle "IM"]
[BlackTitle "IM"]
[WhiteElo "2326"]
[BlackElo "2495"]
[WhiteFideId "2209764"]
[BlackFideId "2813416"]
[EventDate "2022.11.12"]

1. e4 c6 2. c4 d5 3. exd5 cxd5 4. cxd5 Nf6 5. Nc3 g6 6. Nf3 Bg7 7. Bc4 O-O 8.
O-O Na6 9. d3 Nc7 10. Qb3 a6 11. a4 b5 12. axb5 axb5 13. Rxa8 bxc4 14. Rxc8 cxb3
15. Rxd8 Rxd8 16. Nd4 Nfxd5 17. Nxd5 Nxd5 18. Nxb3 Rb8 19. Nd2 Nb4 20. Nc4 Nxd3
21. Bg5 f6 22. Be3 Rb4 23. Rd1 Nxb2 24. Nxb2 Rxb2 25. g4 Kf7 26. Rd7 Bf8 27. Kg2
Ke6 28. Rd8 Kf7 29. h4 Rb4 30. Kf3 h5 31. gxh5 gxh5 32. Kg3 Rc4 33. Rd5 Kg6 34.
Rb5 e6 35. Rb6 Kf5 36. Rb5+ e5 37. Rb8 Bd6 38. Rh8 Kg6 39. Rh6+ Kg7 40. Rxh5 Bf8
41. Rf5 Kg6 42. Rf3 f5 43. Bg5 e4 44. Rb3 Bd6+ 45. Kg2 Rc6 46. Rb7 Kh5 47. Rb5
Kg4 48. Rd5 f4 49. Rd4 f3+ 50. Kg1 Kf5 51. Rd5+ Ke6 52. Rd1 Be5 53. Be3 Kf5 54.
Rc1 Rg6+ 55. Kf1 Rg2 56. Rc6 Rh2 57. Ke1 Rxh4 58. Kd2 Rh1 59. Rc5 Ke6 60. Rb5
Ra1 61. Rb6+ Kf5 62. Rb5 Ra2+ 63. Kd1 Ke6 64. Rb6+ Kd5 65. Rb5+ Kd6 66. Rb6+ Ke7
67. Rg6 Re2 68. Rg4 Kf6 69. Rxe4 Kf5 70. Rc4 Rb2 71. Ra4 Re2 72. Ra5 Ke4 73.
Ra4+ Kd3 74. Ra3+ Bc3 0-1